[Event "Irish New Year Events-IM1 2020"]
[Site "Dublin"]
[Date "2020.01.04"]
[Round "4.6"]
[White "Mannion, Stephen R"]
[Black "Waters, Michael"]
[Result "1/2-1/2"]
[WhiteElo "2283"]
[BlackElo "2130"]
[Annotator "ChessBase"]
[PlyCount "146"]
[EventDate "2020.01.02"]
[EventType "tourn"]
[EventCountry "IRL"]
[SourceTitle "playchess.com"]
[Source "ChessBase"]
[SourceQuality "1"]
[TimeControl "5400+30"]

1. e4 {[%emt 0:02:58]} c5 {[%emt 0:00:00]} 2. Nf3 {[%emt 0:00:04]} e6 {[%emt 0:00:00]} 3. d4 {[%emt 0:00:04]} cxd4 {[%emt 0:00:21]} 4. Nxd4 {[%emt 0:00:04]} a6 {[%emt 0:00:32]} 5. c4 {[%emt 0:00:09]} Nf6 {[%emt 0:00:31]} 6. Nc3 {[%emt 0:00:07]} d6 {[%emt 0:01:03]} 7. Be2 {[%emt 0:02:36]} Be7 {[%emt 0:00:31]} 8. O-O {[%emt 0:00:40]} Qc7 {[%emt 0:00:39]} 9. Be3 {[%emt 0:01:20]} Nbd7 {[%emt 0:01:20]} 10. Rc1 {[%emt 0:00:36]} b6 {[%emt 0:00:47]} 11. f3 {[%emt 0:05:33]} Bb7 {[%emt 0:01:14]} 12. b4 {[%emt 0:02:59]} O-O {[%emt 0:02:22]} 13. a3 {[%emt 0:00:33]} Rfc8 {[%emt 0:01:46]} 14. Qd2 {[%emt 0:04:59]} Qd8 {[%emt 0:06:16]} 15. Rfd1 {[%emt 0:02:46]} Ne5 {[%emt 0:03:16]} 16. Na4 {[%emt 0:01:59]} Nfd7 {[%emt 0:01:33]} 17. Nb2 {[%emt 0:06:16]} Rab8 {[%emt 0:07:46]} 18. Rc2 {[%emt 0:10:13]} Nf6 {[%emt 0:02:50]} 19. Rdc1 {[%emt 0:01:50]} Nc6 {[%emt 0:08:49]} 20. Nxc6 {[%emt 0:13:44]} Rxc6 {[%emt 0:00:55]} 21. Na4 {[%emt 0:02:25]} Ba8 {[%emt 0:05:44]} 22. b5 {[%emt 0:14:06]} axb5 {[%emt 0:00:39]} 23. cxb5 {[%emt 0:00:02]} Rxc2 {[%emt 0:00:39]} 24. Rxc2 {[%emt 0:07:24]} Nd7 {[%emt 0:00:56]} 25. Qc3 {[%emt 0:02:05]} Bb7 {[%emt 0:09:59]} 26. Qd4 {[%emt 0:06:08]} Nc5 {[%emt 0:02:31]} 27. Nxc5 {[%emt 0:01:48]} dxc5 {[%emt 0:08:22]} 28. Qxd8+ {[%emt 0:02:10]} Rxd8 {[%emt 0:00:57]} 29. Rd2 {[%emt 0:00:13]} Kf8 {[%emt 0:02:31]} 30. Rxd8+ {[%emt 0:00:19]} Bxd8 {[%emt 0:00:06]} 31. Kf1 {[%emt 0:00:08]} Ke8 {[%emt 0:01:04]} 32. Ke1 {[%emt 0:00:12]} Bc7 {[%emt 0:00:21]} 33. h3 {[%emt 0:00:21]} f5 {[%emt 0:01:04]} 34. exf5 {[%emt 0:02:52]} exf5 {[%emt 0:00:05]} 35. Bc4 {[%emt 0:00:18]} f4 {[%emt 0:01:06]} 36. Bd2 {[%emt 0:02:00]} Be5 {[%emt 0:00:04]} 37. Ke2 {[%emt 0:00:39]} Ke7 {[%emt 0:01:05]} 38. a4 {[%emt 0:00:23]} g5 {[%emt 0:01:17]} 39. a5 {[%emt 0:02:17]} bxa5 {[%emt 0:00:05]} 40. Bxa5 {[%emt 0:00:01]} h5 {[%emt 0:00:42]} 41. Kd3 {[%emt 0:03:50]} g4 {[%emt 0:00:25]} 42. hxg4 {[%emt 0:00:01]} hxg4 {[%emt 0:00:20]} 43. Ke2 {[%emt 0:00:03]} Kd7 {[%emt 0:01:39]} 44. Bd3 {[%emt 0:01:58]} Kd6 {[%emt 0:01:29]} 45. Bd8 {[%emt 0:00:44]} Bd5 {[%emt 0:00:38]} 46. b6 {[%emt 0:00:02]} c4 {[%emt 0:00:34]} 47. Bf5 {[%emt 0:00:13]} gxf3+ {[%emt 0:01:28]} 48. gxf3 {[%emt 0:00:01]} Kc6 {[%emt 0:02:15]} 49. Bc8 {[%emt 0:00:03]} c3 {[%emt 0:00:36]} 50. b7 {[%emt 0:00:54]} Bc4+ {[%emt 0:02:01]} 51. Ke1 {[%emt 0:00:42]} c2 {[%emt 0:02:58]} 52. Kd2 {[%emt 0:00:01]} Bd3 {[%emt 0:01:06]} 53. Bf6 {[%emt 0:01:09]} Bb8 {[%emt 0:00:26]} 54. Bb2 {[%emt 0:00:10]} Bg6 {[%emt 0:00:16]} 55. Bd4 {[%emt 0:01:01]} Kd5 {[%emt 0:01:41]} 56. Bb2 {[%emt 0:00:38]} Ba7 {[%emt 0:00:51]} 57. Ke2 {[%emt 0:00:14]} Kc5 {[%emt 0:05:36]} 58. Bc1 {[%emt 0:01:03]} Bb8 {[%emt 0:00:03]} 59. Kd2 {[%emt 0:00:43]} Kb4 {[%emt 0:00:40]} 60. Bb2 {[%emt 0:00:35]} Ba7 {[%emt 0:00:58]} 61. Be6 {[%emt 0:00:08]} Bb8 {[%emt 0:01:34]} 62. Kc1 {[%emt 0:00:48]} Bd6 {[%emt 0:02:09]} 63. Kd2 {[%emt 0:00:01]} Ka4 {[%emt 0:01:42]} 64. Kc1 {[%emt 0:00:16]} Bb8 {[%emt 0:03:44]} 65. Kd2 {[%emt 0:00:08]} Ba7 {[%emt 0:00:10]} 66. Ke2 {[%emt 0:00:50]} Ka5 {[%emt 0:00:34]} 67. Bc1 {[%emt 0:00:23]} Bb8 {[%emt 0:00:13]} 68. Kd2 {[%emt 0:00:20]} Be5 {[%emt 0:00:54]} 69. Bb3 {[%emt 0:00:13]} Bh5 {[%emt 0:02:13]} 70. Ke2 {[%emt 0:00:21]} Bg6 {[%emt 0:00:50]} 71. Kd2 {[%emt 0:00:02]} Bh5 {[%emt 0:00:16]} 72. Ke2 {[%emt 0:00:05]} Bg6 {[%emt 0:00:11]} 73. Kd2 {[%emt 0:00:24]} Bh5 {[%emt 0:00:04]} 1/2-1/2

[Event "Irish New Year Events-IM1 2020"]
[Site "Dublin"]
[Date "2020.01.04"]
[Round "4.7"]
[White "Ahlander, Bjorn"]
[Black "Hammar, Bengt"]
[Result "1-0"]
[WhiteElo "2418"]
[BlackElo "2175"]
[Annotator "ChessBase"]
[PlyCount "95"]
[EventDate "2020.01.02"]
[EventType "tourn"]
[EventCountry "IRL"]
[SourceTitle "playchess.com"]
[Source "ChessBase"]
[SourceQuality "1"]
[TimeControl "5400+30"]

1. d4 {[%emt 0:00:00]} Nf6 {[%emt 0:02:23]} 2. Nf3 {[%emt 0:00:10]} g6 {[%emt 0:01:44]} 3. c4 {[%emt 0:00:12]} Bg7 {[%emt 0:00:07]} 4. Nc3 {[%emt 0:00:04]} O-O {[%emt 0:03:36]} 5. e4 {[%emt 0:01:46]} d6 {[%emt 0:01:53]} 6. Be2 {[%emt 0:00:03]} Nbd7 {[%emt 0:00:21]} 7. O-O {[%emt 0:00:11]} e5 {[%emt 0:00:10]} 8. Be3 {[%emt 0:00:18]} c6 {[%emt 0:01:55]} 9. d5 {[%emt 0:00:09]} c5 {[%emt 0:00:39]} 10. Ne1 {[%emt 0:00:08]} Ne8 {[%emt 0:00:39]} 11. Nd3 {[%emt 0:01:15]} f5 {[%emt 0:00:50]} 12. exf5 {[%emt 0:00:07]} gxf5 {[%emt 0:00:08]} 13. f4 {[%emt 0:00:07]} e4 {[%emt 0:01:57]} 14. Nf2 {[%emt 0:00:03]} Ndf6 {[%emt 0:02:31]} 15. Kh1 {[%emt 0:00:07]} Qe7 {[%emt 0:02:05]} 16. h3 {[%emt 0:07:17]} h5 {[%emt 0:04:59]} 17. g3 {[%emt 0:03:41]} Qf7 {[%emt 0:01:43]} 18. Rg1 {[%emt 0:00:07]} Qg6 {[%emt 0:05:21]} 19. a4 {[%emt 0:00:54]} a5 {[%emt 0:08:42]} 20. Ra3 {[%emt 0:03:54]} b6 {[%emt 0:04:11]} 21. Nb5 {[%emt 0:08:02]} Kf7 {[%emt 0:10:41]} 22. Rb3 {[%emt 0:01:12]} Ra6 {[%emt 0:02:22]} 23. Rg2 {[%emt 0:01:45]} Rh8 {[%emt 0:00:55]} 24. Bd2 {[%emt 0:01:54]} Bd7 {[%emt 0:05:35]} 25. Kg1 {[%emt 0:03:09]} Bf8 {[%emt 0:07:56]} 26. Qc2 {[%emt 0:11:53]} Be7 {[%emt 0:03:31]} 27. Kf1 {[%emt 0:01:16]} Ra8 {[%emt 0:04:33]} 28. Nc3 {[%emt 0:02:52]} Rb8 {[%emt 0:02:15]} 29. Nb5 {[%emt 0:01:10]} Ra8 {[%emt 0:01:01]} 30. Ke1 {[%emt 0:01:00]} Rg8 {[%emt 0:01:54]} 31. Kd1 {[%emt 0:01:04]} Qh7 {[%emt 0:00:32]} 32. Kc1 {[%emt 0:01:03]} Rg7 {[%emt 0:00:31]} 33. Qd1 {[%emt 0:00:51]} Bd8 {[%emt 0:03:35]} 34. Kb1 {[%emt 0:01:01]} Ke7 {[%emt 0:00:42]} 35. Re3 {[%emt 0:01:48]} Nc7 {[%emt 0:01:37]} 36. Nc3 {[%emt 0:12:55]} Na6 {[%emt 0:04:39]} 37. g4 {[%emt 0:01:02]} hxg4 {[%emt 0:01:34]} 38. hxg4 {[%emt 0:00:03]} fxg4 {[%emt 0:01:42]} 39. Nxg4 {[%emt 0:01:27]} Kf8 {[%emt 0:04:00]} 40. f5 {[%emt 0:06:33]} Bxf5 {[%emt 0:02:26]} 41. Qf1 {[%emt 0:01:14]} Bxg4 {[%emt 0:01:40]} 42. Bxg4 {[%emt 0:00:04]} Ke8 {[%emt 0:00:03]} 43. Bf5 {[%emt 0:05:48]} Rxg2 {[%emt 0:00:21]} 44. Bxh7 {[%emt 0:01:08]} Rxd2 {[%emt 0:00:03]} 45. Nxe4 {[%emt 0:06:32]} Nxe4 {[%emt 0:00:07]} 46. Rxe4+ {[%emt 0:00:10]} Kd7 {[%emt 0:00:18]} 47. Qf7+ {[%emt 0:00:38]} Kc8 {[%emt 0:00:06]} 48. Bf5+ {[%emt 0:00:12]} 1-0

[Event "Irish New Year Events-IM1 2020"]
[Site "Dublin"]
[Date "2020.01.04"]
[Round "4.8"]
[White "Venkatesan, Kavin"]
[Black "O`Donnell, Conor"]
[Result "1-0"]
[WhiteElo "1815"]
[BlackElo "2307"]
[Annotator "ChessBase"]
[PlyCount "139"]
[EventDate "2020.01.02"]
[EventType "tourn"]
[EventCountry "IRL"]
[SourceTitle "playchess.com"]
[Source "ChessBase"]
[SourceQuality "1"]
[TimeControl "5400+30"]

1. d4 {[%emt 0:00:00]} e6 {[%emt 0:10:06]} 2. c4 {[%emt 0:00:00]} b6 {[%emt 0:00:15]} 3. Nc3 {[%emt 0:00:47]} Bb7 {[%emt 0:00:55]} 4. e3 {[%emt 0:05:34]} f5 {[%emt 0:01:59]} 5. Nf3 {[%emt 0:02:52]} Nf6 {[%emt 0:00:08]} 6. Bd3 {[%emt 0:00:32]} Bb4 {[%emt 0:03:20]} 7. O-O {[%emt 0:00:57]} Ne4 {[%emt 0:04:17]} 8. Bxe4 {[%emt 0:03:23]} fxe4 {[%emt 0:00:07]} 9. Nd2 {[%emt 0:00:47]} Bxc3 {[%emt 0:01:50]} 10. bxc3 {[%emt 0:00:10]} Qg5 {[%emt 0:05:59]} 11. Qe2 {[%emt 0:06:16]} c5 {[%emt 0:03:15]} 12. f3 {[%emt 0:01:53]} Qh5 {[%emt 0:04:33]} 13. Qd1 {[%emt 0:06:20]} exf3 {[%emt 0:01:00]} 14. Nxf3 {[%emt 0:00:24]} O-O {[%emt 0:01:43]} 15. Bb2 {[%emt 0:06:13]} Nc6 {[%emt 0:10:56]} 16. Qd3 {[%emt 0:07:51]} Na5 {[%emt 0:05:29]} 17. Nd2 {[%emt 0:01:43]} d6 {[%emt 0:07:09]} 18. e4 {[%emt 0:05:37]} Ba6 {[%emt 0:01:59]} 19. d5 {[%emt 0:04:04]} e5 {[%emt 0:05:12]} 20. Rae1 {[%emt 0:05:18]} Rxf1+ {[%emt 0:04:29]} 21. Rxf1 {[%emt 0:00:19]} Rf8 {[%emt 0:00:21]} 22. Rxf8+ {[%emt 0:08:59]} Kxf8 {[%emt 0:00:08]} 23. Qf3+ {[%emt 0:01:44]} Qxf3 {[%emt 0:00:57]} 24. gxf3 {[%emt 0:00:03]} Bxc4 {[%emt 0:00:57]} 25. a3 {[%emt 0:01:00]} Ke7 {[%emt 0:00:37]} 26. Kf2 {[%emt 0:00:28]} Kf6 {[%emt 0:00:40]} 27. Kg3 {[%emt 0:01:41]} Be2 {[%emt 0:02:04]} 28. Kf2 {[%emt 0:02:38]} Bd1 {[%emt 0:01:18]} 29. Nf1 {[%emt 0:02:19]} Ba4 {[%emt 0:02:45]} 30. Ne3 {[%emt 0:01:18]} Bd7 {[%emt 0:00:04]} 31. Kg3 {[%emt 0:02:38]} Kg5 {[%emt 0:02:38]} 32. Nc2 {[%emt 0:03:12]} Nb7 {[%emt 0:01:14]} 33. Ne3 {[%emt 0:01:50]} b5 {[%emt 0:00:32]} 34. Nc2 {[%emt 0:00:23]} Nd8 {[%emt 0:02:02]} 35. Ne3 {[%emt 0:01:13]} Nf7 {[%emt 0:00:45]} 36. Nc2 {[%emt 0:00:57]} Nh8 {[%emt 0:00:32]} 37. Ne3 {[%emt 0:02:55]} Ng6 {[%emt 0:00:25]} 38. Bc1 {[%emt 0:00:33]} Kf6 {[%emt 0:02:40]} 39. Nc2 {[%emt 0:00:55]} Nh8 {[%emt 0:01:43]} 40. Ne3 {[%emt 0:00:13]} Nf7 {[%emt 0:00:06]} 41. Bb2 {[%emt 0:00:44]} Ng5 {[%emt 0:00:22]} 42. Bc1 {[%emt 0:00:59]} Nh3 {[%emt 0:00:48]} 43. Nc2 {[%emt 0:01:26]} g5 {[%emt 0:01:39]} 44. Ne1 {[%emt 0:02:23]} Nf4 {[%emt 0:01:03]} 45. Bxf4 {[%emt 0:00:33]} exf4+ {[%emt 0:03:59]} 46. Kf2 {[%emt 0:00:31]} a5 {[%emt 0:00:54]} 47. Nc2 {[%emt 0:00:54]} h5 {[%emt 0:01:00]} 48. Kg2 {[%emt 0:00:55]} g4 {[%emt 0:02:03]} 49. Ne1 {[%emt 0:01:23]} c4 {[%emt 0:00:42]} 50. h3 {[%emt 0:02:47]} Ke5 {[%emt 0:02:25]} 51. hxg4 {[%emt 0:00:47]} hxg4 {[%emt 0:00:03]} 52. Nc2 {[%emt 0:00:29]} gxf3+ {[%emt 0:00:59]} 53. Kxf3 {[%emt 0:00:04]} Be8 {[%emt 0:00:12]} 54. Nd4 {[%emt 0:01:15]} Bh5+ {[%emt 0:00:18]} 55. Kf2 {[%emt 0:00:17]} b4 {[%emt 0:02:07]} 56. axb4 {[%emt 0:00:37]} axb4 {[%emt 0:00:02]} 57. Nc6+ {[%emt 0:01:14]} Kxe4 {[%emt 0:00:02]} 58. Nxb4 {[%emt 0:00:10]} Bg4 {[%emt 0:01:08]} 59. Ke1 {[%emt 0:01:41]} Ke3 {[%emt 0:00:26]} 60. Nc2+ {[%emt 0:00:28]} Ke4 {[%emt 0:01:56]} 61. Nb4 {[%emt 0:01:35]} Kf3 {[%emt 0:00:10]} 62. Nc2 {[%emt 0:01:28]} Kg2 {[%emt 0:00:24]} 63. Na3 {[%emt 0:00:47]} f3 {[%emt 0:01:04]} 64. Nxc4 {[%emt 0:00:16]} f2+ {[%emt 0:00:19]} 65. Kd2 {[%emt 0:00:07]} Kf3 {[%emt 0:00:39]} 66. Ne3 {[%emt 0:00:23]} Ke4 {[%emt 0:00:18]} 67. Nf1 {[%emt 0:00:47]} Kf4 {[%emt 0:00:36]} 68. Ne3 {[%emt 0:00:28]} Bh5 {[%emt 0:00:40]} 69. Nf1 {[%emt 0:00:19]} Kf3 {[%emt 0:00:28]} 70. Ne3 {[%emt 0:00:33]} 1-0

[Event "Irish New Year Events-IM1 2020"]
[Site "Dublin"]
[Date "2020.01.04"]
[Round "4.9"]
[White "Baker, Chris W"]
[Black "Kanyamarala, Tarun"]
[Result "1-0"]
[WhiteElo "2225"]
[BlackElo "2320"]
[Annotator "TA"]
[PlyCount "47"]
[EventDate "2020.01.02"]
[EventType "tourn"]
[EventCountry "IRL"]
[SourceTitle "playchess.com"]
[Source "ChessBase"]
[SourceQuality "1"]

{[%evp 27,53,-31,-37,-35,1,-25,3,-32,-24,-21,-39,-45,82,0,0,-23,0,-42,-48,-52,246,-7,139,137,1852,1808,29997,29998]} 1. d4 Nf6 2. Nf3 d5 3. c4 e6 4. Nc3 c6 5. e3 Nbd7 6. Be2 dxc4 7. Bxc4 b5 8. Bd3 Bb7 9. O-O a6 10. e4 c5 11. d5 c4 12. Bc2 Qc7 13. dxe6 fxe6 14. Qe2 Bd6 15. Bg5 $146 {D48: Semi-Slav: Meran System: 7...b5 8 Bd3 a6} (15. Ng5 Nc5 16. f4 e5 17. Nd5 Bxd5 18. exd5 O-O-O 19. a4 exf4 20. axb5 axb5 21. Ne6 Nxe6 22. dxe6 Kb8 23. Kh1 Rhe8 24. Bd2 Qb7 {0-1 (41) Sanikidze,T (2509)-Bajarani,U (2485) Konya 2019}) 15... O-O-O 16. Rad1 h6 17. Bh4 {The position is equal.} g5 18. Bg3 Bxg3 19. hxg3 Ne5 (19... Kb8 $15) 20. Nxe5 ({White should try} 20. a4 $1 $16) 20... Qxe5 $11 21. Qe3 Kc7 22. Rxd8 Rxd8 23. Rd1 Rf8 $2 {[%mdl 8192] [#]} (23... Ng4 $15 {keeps the upper hand.} 24. Qf3 (24. Qa7 Rd6 $11) 24... Rxd1+ 25. Bxd1 Nf6) 24. f4 {Played: Nc3-d5} 1-0

[Event "Irish New Year Events-IM1 2020"]
[Site "Dublin"]
[Date "2020.01.04"]
[Round "4.10"]
[White "Delaney, Killian"]
[Black "Melaugh, Shane"]
[Result "1/2-1/2"]
[WhiteElo "2278"]
[BlackElo "2207"]
[Annotator "NA"]
[PlyCount "48"]
[EventDate "2020.01.02"]
[EventType "tourn"]
[EventCountry "IRL"]
[SourceTitle "playchess.com"]
[Source "ChessBase"]
[SourceQuality "1"]
[TimeControl "5400+30"]

1. c4 {[%emt 0:00:00]} e5 {[%emt 0:10:16]} 2. Nc3 {[%emt 0:02:36]} Nf6 {[%emt 0:00:06]} 3. e3 {[%emt 0:00:13]} d5 {[%emt 0:00:14]} 4. cxd5 {[%emt 0:00:09]} Nxd5 {[%emt 0:00:05]} 5. Nf3 {[%emt 0:00:14]} Nxc3 {[%emt 0:01:52]} 6. bxc3 {[%emt 0:00:06]} Bd6 {[%emt 0:00:06]} 7. d4 {[%emt 0:00:13]} Qe7 {[%emt 0:01:46]} 8. Qc2 {[%emt 0:02:33]} Nd7 {[%emt 0:04:36]} 9. Bd3 {[%emt 0:00:46]} b6 {[%emt 0:02:33]} 10. O-O {[%emt 0:07:02]} Bb7 {[%emt 0:00:16]} 11. e4 {[%emt 0:00:06]} O-O {[%emt 0:00:32]} 12. a4 {[%emt 0:07:08]} Rac8 {[%emt 0:05:35]} 13. a5 {[%emt 0:02:57]} c5 {[%emt 0:00:44]} 14. dxe5 {[%emt 0:04:50]} Bxe5 {[%emt 0:01:04]} 15. Re1 {[%emt 0:03:50]} Rfd8 {[%emt 0:06:54]} 16. axb6 {[%emt 0:05:57]} axb6 {[%emt 0:01:33]} 17. Bc4 {[%emt 0:00:50]} h6 {[%emt 0:05:20]} 18. Bd5 {[%emt 0:13:03]} Bxd5 {[%emt 0:02:09]} 19. exd5 {[%emt 0:00:04]} Qf6 {[%emt 0:00:07]} 20. Nxe5 {[%emt 0:00:09]} Nxe5 {[%emt 0:00:04]} 21. Qe4 {[%emt 0:00:39]} Ng6 {[%emt 0:02:45]} 22. Bd2 {[%emt 0:10:50]} c4 {[%emt 0:00:49]} 23. Be3 {[%emt 0:01:42]} Qxc3 {[%emt 0:00:45]} 24. Bxb6 {[%emt 0:00:24]} Rd6 {[%emt 0:00:39]} 1/2-1/2

[Event "Irish New Year Events-IM1 2020"]
[Site "Dublin"]
[Date "2020.01.04"]
[Round "5.6"]
[White "Melaugh, Shane"]
[Black "Mannion, Stephen R"]
[Result "1/2-1/2"]
[WhiteElo "2207"]
[BlackElo "2283"]
[Annotator "ChessBase"]
[PlyCount "21"]
[EventDate "2020.01.02"]
[EventType "tourn"]
[EventCountry "IRL"]
[SourceTitle "playchess.com"]
[Source "ChessBase"]
[SourceQuality "1"]
[TimeControl "5400+30"]

1. d4 {[%emt 0:00:00]} d5 {[%emt 0:00:00]} 2. Bf4 {[%emt 0:00:00]} Nf6 {[%emt 0:00:14]} 3. Nc3 {[%emt 0:00:00]} c5 {[%emt 0:00:12]} 4. e3 {[%emt 0:00:02]} cxd4 {[%emt 0:00:31]} 5. exd4 {[%emt 0:00:22]} a6 {[%emt 0:00:29]} 6. Nf3 {[%emt 0:00:48]} Nc6 {[%emt 0:00:16]} 7. Qd2 {[%emt 0:00:20]} Bf5 {[%emt 0:00:47]} 8. a3 {[%emt 0:00:23]} e6 {[%emt 0:00:34]} 9. Bd3 {[%emt 0:01:10]} Bxd3 {[%emt 0:13:58]} 10. Qxd3 {[%emt 0:00:07]} Bd6 {[%emt 0:00:10]} 11. Bxd6 {[%emt 1:32:18]} 1/2-1/2

[Event "Irish New Year Events-IM1 2020"]
[Site "Dublin"]
[Date "2020.01.04"]
[Round "5.7"]
[White "Kanyamarala, Tarun"]
[Black "Delaney, Killian"]
[Result "1/2-1/2"]
[WhiteElo "2320"]
[BlackElo "2278"]
[Annotator "TA"]
[PlyCount "92"]
[EventDate "2020.01.02"]
[EventType "tourn"]
[EventCountry "IRL"]
[SourceTitle "playchess.com"]
[Source "ChessBase"]
[SourceQuality "1"]

{[%evp 9,92,14,60,37,26,14,23,16,33,-23,-14,-16,-20,-33,-35,-35,-37,-26,-13,-36,0,0,0,0,8,0,19,15,23,12,29,19,20,22,27,18,45,39,47,27,43,41,41,41,41,50,49,48,49,0,0,1,694,606,476,0,15,0,0,0,5165,5289,5089,0,0,0,0,0,0,0,0,-8,0,0,0,0,0,0,0,0,0,0,0,0,0]} 1. d4 d5 2. c4 dxc4 3. Nf3 Nf6 4. Qa4+ Nc6 {[%cal Bb8c6,Bc6b4,Bb4c2][%mdl 32]} 5. Qxc4 Nd7 6. Nc3 {D23: Queen's Gambit Accepted: 3 Nf3 Nf6 sidelines} Nb6 7. Qd3 (7. Qb5 a6 8. Qd3 e5 9. Nxe5 Qxd4 10. Nxc6 Qxd3 11. exd3 bxc6 12. Bf4 Bd6 13. Bg3 Bf5 14. Be2 {½-½ (25) Ivanchuk,V (2786)-Dominguez Perez,L (2719) Almaty 2008}) 7... e5 8. Nxe5 {White has an edge.} Nb4 9. Qd1 (9. Qb1 $1 $14) 9... Qxd4 $1 $11 {[%mdl 64] [#] Decoy} 10. Qxd4 Nc2+ 11. Kd1 Nxd4 12. e3 Ne6 13. Bd2 Bd6 $146 14. Nc4 Nxc4 15. Bxc4 c6 16. Ne4 Be7 17. a4 Nc5 18. Nxc5 Bxc5 19. b4 Be7 20. Bc3 Be6 21. Bxe6 fxe6 22. Ke2 Bf6 23. Bxf6 gxf6 $14 {[%mdl 4096] Endgame KRR-KRR} 24. Rhd1 e5 25. Rd6 Ke7 26. Rad1 {Hoping for Rd7+.} Rhd8 27. Rxd8 Rxd8 28. Rxd8 Kxd8 {KP-KP} 29. Kf3 Kd7 30. Ke4 c5 $2 {[%mdl 8192]} (30... Kd6 $11) 31. bxc5 $18 Kc6 32. g4 $2 (32. Kf5 $18) 32... Kxc5 $11 33. f4 exf4 34. exf4 b5 $2 {[%mdl 8192]} (34... a6 $11) 35. axb5 $18 Kxb5 {[#] K3P-K3P} 36. g5 $2 ({Only move:} 36. Kd5 $1 $18 a5 37. f5) 36... Kc5 $11 {The position is equal.} 37. h4 (37. gxf6 Kd6 $19) 37... Kd6 38. Kf5 ({But not} 38. gxf6 $2 Ke6 $19) 38... a5 39. g6 ({Not} 39. gxf6 $2 a4 $19) 39... hxg6+ 40. Kxg6 {Strongly threatening h5. KPP-KPP} a4 (40... Ke7 $5 41. h5 $8 Kf8 $11) 41. h5 {Black must now prevent h6.} a3 42. h6 {h7 is the strong threat.} a2 43. h7 a1=Q {( -> ...f5!)} 44. h8=Q Qb1+ 45. f5 {aiming for Qe8.} Qg1+ 46. Kf7 Qa7+ {Accuracy: White = 46%, Black = 58%.} 1/2-1/2

[Event "Irish New Year Events-IM1 2020"]
[Site "Dublin"]
[Date "2020.01.04"]
[Round "5.8"]
[White "O`Donnell, Conor"]
[Black "Baker, Chris W"]
[Result "1-0"]
[WhiteElo "2307"]
[BlackElo "2225"]
[Annotator "TA"]
[PlyCount "55"]
[EventDate "2020.01.02"]
[EventType "tourn"]
[EventCountry "IRL"]
[SourceTitle "playchess.com"]
[Source "ChessBase"]
[SourceQuality "1"]

{[%evp 13,55,7,6,6,25,30,18,12,26,24,27,34,43,23,42,45,75,72,83,81,133,136,137,83,85,64,74,7,96,85,87,83,89,93,98,102,116,116,1078,1073,1066,1050,962,984]} 1. c4 e5 2. Nc3 Nf6 3. Nf3 Nc6 4. e4 Bc5 5. Nxe5 Nxe5 6. d4 Bb4 7. dxe5 Nxe4 $1 8. Qf3 {A28: English Opening: Four Knights Variation} f5 (8... Nxc3 {is more complex.} 9. bxc3 Ba5 10. Be2 d6 11. Qg3 O-O) (8... Nxc3 9. bxc3 Ba5 10. Bf4 O-O 11. O-O-O Rb8 12. Qe3 Qe7 13. Kb2 b5 14. c5 b4 15. c4 b3 {1-0 (53) Nepomniachtchi,I (2773)-Aronian,L (2772) Kolkata 2019}) 9. Bd3 Nxc3 10. a3 {The position is equal.} Be7 {Strongly threatening ...Ne4!} 11. bxc3 O-O 12. O-O (12. Bxf5 d5 $15) 12... d6 13. Bf4 $36 {[%mdl 2048] White is pushing.} dxe5 14. Bxe5 Bf6 15. Rfe1 c6 16. c5 $146 ({Not} 16. Bxf5 $2 Bxe5 17. Bxh7+ (17. Rxe5 $2 g6 $19) 17... Kxh7 $19) 16... Bxe5 (16... Be6 $142) 17. Rxe5 $16 Qf6 18. Rae1 ({White should try} 18. Qe3) 18... Bd7 19. Qf4 Rad8 20. Qa4 (20. g3 $16) 20... Bc8 (20... Rfe8 $11 {keeps the balance.} 21. Bc4+ Kh8 22. Rxe8+ Bxe8) 21. Bc4+ Kh8 22. Qxa7 f4 23. Qa4 f3 {[#] White should prevent ...fxg2.} 24. g3 $1 Rd2 25. Bf1 Rxf2 $2 {[%mdl 8192]} (25... Re2 $16 26. R1xe2 fxe2 27. Rxe2 Qxc3) 26. Kxf2 $18 {White is clearly winning.} Qh6 {[#]} 27. Qf4 $3 {[%cal Rf4f8][%mdl 576] Double Attack} Qxh2+ {[#]} (27... Rxf4 28. Re8+) 28. Ke3 $1 {Accuracy: White = 69%, Black = 27%.} ({Weaker is} 28. Kxf3 Rxf4+ 29. gxf4 g5 $11) 1-0